Die größten Städte je Bundesland mit dem selben Anfangsbuchstaben - Statistiken

Allgemein
  • Dieses Quiz wurde 114 mal gespielt
  • Das Durchschnittsergebnis liegt bei 9 aus 16
Antwortstatistiken
Bundesland Einwohner Antwort % Korrekt
Berlin 3.755.251 Berlin
99%
Hamburg 1.892.122 Hamburg
99%
Bremen 569.396 Bremen
98%
Saarland 181.959 Saarbrücken
91%
Brandenburg 73.609 Brandenburg an der Havel
80%
Bayern 79.935 Bamberg
75%
Hessen 101.364 Hanau
71%
Nordrhein-Westfalen 154.139 Neuss
66%
Baden-Württemberg 57.025 Baden-Baden
63%
Schleswig-Holstein 25.904 Schleswig
39%
Niedersachsen 55.242 Nordhorn
28%
Sachsen-Anhalt 39.105 Stendal
18%
Rheinland-Pfalz 17.426 Remagen
10%
Mecklenburg-Vorpommern 7.272 Malchin
7%
Sachsen 19.189 Schkeuditz
7%
Thüringen 5.834 Treffurt
3%
Keine übereinstimmenden Quizze gefunden
Verteilung der Resultate
Anzahl Personen mit jedem Resultat
Perzentil nach korrekt beantworteten Fragen
Ihre Resultats-Entwicklung
Sie haben dieses Quiz noch nicht gespielt